Дело об увольнении от службы актёра Шовне и о назначении ему третного пенсиона

Доступно только в Электронных читальных залах Найти на картеНа карте
RUSMARC
00003951nmc2a22000003x 450
0014edb7ae7-e51d-4b33-8af5-2f86120e193e
00520181003103543.0
100##$a20161216l18121812k l0rusy0189 ca
1010#$arus
102##$aRU
2001#$aДело об увольнении от службы актёра Шовне и о назначении ему третного пенсиона
$j25 марта - [9 мая 1812 г.]
251##$cДело
300##$aДело
300##$aОриг. заголовок дела: Дело об определении актёру Шовне третного пенсиона. 25 марта 1812 г. - [9 мая 1812 г]
801#0$aRU
$bРГИА
$c20161216
$gRCR
801#1$aRU
$bГлавНИВЦ
$c20161216
$2rusmarc
801#2$aRU
$bПБ им. Б.Н. Ельцина
$c20181003
$gRCR
$2rusmarc
850##$aРГИА
852##$aРГИА
$eФедеральное казенное учреждение "Российский государственный исторический архив" (РГИА)
$j1047
937##$hРГИА
$d12235174
$aASBIBLIO_SCAN
462#0$1001dd3991dc-24e1-42ec-8838-ca4255420416
$12001
$a1746-1850 гг.
$1251
$cОпись
$1852
$j1
461#0$10019264ebf8-de62-4f1a-9eb4-9f22098dbbd5
$12001
$aДирекция императорских театров МИДв
$1251
$cФонд
$1852
$j497
215##$a10 л.
$d36,5х26 см
371##$aДокумент не является опубликованным и широко распространяемым
105##$ay###
1222#$ad
5171#$aДело об определении актёру Шовне третного пенсиона. 25 марта 1812 г. - [9 мая 1812 г]
035##$a4edb7ae7-e51d-4b33-8af5-2f86120e193e
856##$uhttp://readingroom.main.prlib.ru/item.aspx?id_node=n118831349&mode=full
Формат отображения